| 000 | 01253cam a2200265 4500 | ||
|---|---|---|---|
| 001 | ##L130708 | ||
| 002 | ##9093 | ||
| 008 | 050825n2005 000 0 eng u | ||
| 020 | _a1859461743 | ||
| 035 | _a(Sirsi) u130708 | ||
| 041 | 0 | _aeng | |
| 050 | 0 | 4 | _a333.72 $2 18 |
| 100 | 1 | _aEdwards, Brian | |
| 245 | 0 | 0 | _aRough guide to sustainability |
| 250 | _a2nd ed. | ||
| 260 |
_aLondon _bRIBA Publications _c2005 |
||
| 300 |
_av, 218p _bill. diagrams _c20cm |
||
| 350 | _a19.95 | ||
| 505 | 2 | _aThe environmental, educational and professional context -- Resources -- Sustainable design and construction -- Design solutions | |
| 520 | _aGuide to designing buildings for sustainability, aimed primarily at architecture students. Sets out the environmental, professional and governmental context underlying sustainability, and outlines the science, measures and design solutions required in the twenty-first century. Includes new material on vernacular buildings, offices, schools and housing, a history of green architecture education, and a guide to international conventions and agreements. | ||
| 520 | _aSupercedes first edition (ISBN 1859461026). | ||
| 590 | _aIKA111005 | ||
| 690 | _aBUILT ENVIRONMENT-SUSTAINABLE CONSTRUCTION | ||
| 942 | _n0 | ||
| 999 |
_c104524 _d104524 |
||